| 000 | 01538nam a22002537a 4500 | ||
|---|---|---|---|
| 001 | 10124 | ||
| 003 | FISKH | ||
| 005 | 20260422090307.0 | ||
| 008 | 260422b cb ||||| |||| 00| 0 eng d | ||
| 020 | _a9781529366136 | ||
| 040 |
_aFISKH _beng _cFISKH _dFISKH |
||
| 050 | _aBF778 .R35 | ||
| 082 | _a179.9 | ||
| 100 | _aRai, Mandeep, | ||
| 245 |
_aThe values compass : _bwhat 101 countries teach us about purpose, life, and leadership / _cMandeep Rai. |
||
| 260 |
_aNew York : _bSimon & Schuster, _c2020. |
||
| 300 |
_a356 pages : _billustrations ; _c20 cm |
||
| 520 | _aEvery day we make decisions based on what we believe in: values that define the ambitions we set, the choices we make, and the relationships we choose. In The Values Compass, Dr. Mandeep Rai shows how the countries of the world epitomize the power of values, provide an ideal guide to help us understand our own, and teach us important lessons about success. From Moroccan compromise to Armenian survival and American entrepreneurship, The Values Compass shows how we can incorporate the values that animate nations into our own lives--seeing ourselves through the eyes of the world, and shedding new light on the opportunities and challenges that define us. The result is an insightful and readable collection that helps us reflect on the values that matter most, last longest, and have the greatest power to create change. | ||
| 650 |
_2Fast _aConduct of life. |
||
| 650 |
_aValues. _vFears |
||
| 650 | _aSocial values. | ||
| 942 |
_2ddc _cBK _n0 |
||
| 999 |
_c10124 _d10124 |
||